[Event "tornada de vacances"]
[Site "http://www.queenalice.com/game.php?id=465017"]
[Date "2008.9.18"]
[Round "-"]
[White "Andreu"]
[Black "joanpi"]
[Result "1/2-1/2"]
[WhiteElo "1804"]
[BlackElo "1505"]

1. d4 c6 2. e4 f6 3. Nf3 h6 4. Bc4 e6 5. Be3 Ne7 6. Nc3 a6 7. d5 cxd5 8. exd5
Nf5 9. Bd2 Qc7 10. Qe2 Nd6 11. Bb3 Be7 12. dxe6 dxe6 13. Bxe6 Nc6 14. Nd5 Qd8
15. O-O-O Bd7 16. Bxd7+ Kxd7 17. Be3 Ke8 18. Bb6 Qd7 19. Nc7+ Kf7 20. Nxa8 Rxa8
21. Nd4 Rc8 22. Bc5 Ne5 23. Bxd6 Bxd6 24. g3 b5 25. f4 Nc4 26. Rhe1 a5 27. Kb1
a4 28. Qh5+ Kf8 29. Nxb5 Rb8 30. Nxd6 Nxb2 31. Kc1 Nxd1 32. Rxd1 Qe7 33. Qd5
Qe3+ 34. Rd2 Qe1+ 35. Rd1 Qe3+ 36. Rd2 Qe1+ 1/2-1/2

[Event "AUTO-INT-1089"]
[Site "http://www.queenalice.com/game.php?id=486682"]
[Date "2008.11.2"]
[Round "1"]
[White "BOSQUES"]
[Black "joanpi"]
[Result "1-0"]
[WhiteElo "1727"]
[BlackElo "1560"]

1. d4 e6 2. c4 h6 3. d5 e5 4. e4 Bc5 5. Qb3 Qf6 6. Nf3 Ne7 7. Be3 Bxe3 8. Qxe3
O-O 9. Be2 d6 10. h3 Ng6 11. Nbd2 Nf4 12. g3 Ng2+ 13. Kd1 Nxe3+ 14. Kc1 Ng2 15.
Bf1 Na6 16. Bxg2 Nb4 17. Bf1 Bd7 18. a3 Na6 19. Be2 Ba4 20. b4 c6 21. Kb2 c5 22.
b5 Nc7 23. Rhf1 g5 24. Nh2 Ne8 25. Kc3 a6 26. f3 axb5 27. cxb5 Ng7 28. Ng4 Qg6
29. Nc4 f5 30. exf5 Qxf5 31. Nxh6+ Kh7 32. Nxf5 Nxf5 33. Rg1 Nd4 34. Rg2 Nxb5+
35. Kd2 Rf7 36. Bd3+ Kh6 37. g4 Rxf3 38. Nb6 Ra6 39. Nxa4 Rxa4 40. Bxb5 Rd4+ 41.
Kc1 Rxh3 42. Raa2 Rxd5 43. Raf2 c4 44. Rh2 Rxh2 45. Rxh2+ Kg7 46. a4 e4 47. Re2
Rd4 48. Bd7 c3 49. Re3 Rc4 50. Kc2 d5 51. Be6 Rc5 52. Rxc3 Ra5 53. Bf5 Rxa4 54.
Rc7+ Kf6 55. Rxb7 e3 56. Rb6+ Ke5 57. Rb5 Ra2+ 58. Kd1 Rd2+ 59. Ke1 Ra2 60. Rb6
Kf4 61. Be6 Ra5 62. Ke2 d4 63. Rb4 Ke4 64. Bf5+ Ke5 65. Kf3 Rc5 66. Rb7 Rc1 67.
Re7+ Kf6 68. Re6+ 1-0

[Event "AUTO-INT-1089"]
[Site "http://www.queenalice.com/game.php?id=486683"]
[Date "2008.11.2"]
[Round "1"]
[White "joanpi"]
[Black "BOSQUES"]
[Result "0-1"]
[WhiteElo "1559"]
[BlackElo "1631"]

1. e4 e6 2. d4 a6 3. e5 d6 4. Nf3 d5 5. Bd3 f6 6. O-O Nc6 7. Bf4 f5 8. Bg5 Be7
9. Bxe7 Ngxe7 10. Qd2 h6 11. a3 g5 12. h3 g4 13. hxg4 fxg4 14. Nh4 Nf5 15. Nxf5
Qg5 16. Qxg5 hxg5 17. Ng3 Nxd4 18. Nd2 b5 19. Bg6+ Ke7 20. c3 Nc6 21. f4 gxf4
22. Rxf4 Nxe5 23. Re1 Nxg6 24. Rxg4 Nh4 25. Rg7+ Kd6 26. b4 Rb8 27. Rd1 Kc6 28.
Nb3 Rb7 29. Na5+ Kb6 30. Nxb7 Bxb7 31. Re7 Rh6 32. Ne2 d4 33. Nf4 Nf5 34. cxd4
Nxe7 35. Kf2 Rf6 36. g3 Nd5 37. Rf1 Nxf4 38. gxf4 Rxf4+ 39. Ke2 Rxf1 0-1

[Event "AUTO-INT-1109"]
[Site "http://www.queenalice.com/game.php?id=495581"]
[Date "2008.11.19"]
[Round "1"]
[White "juliermern"]
[Black "joanpi"]
[Result "1/2-1/2"]
[WhiteElo "1591"]
[BlackElo "1532"]

1. e4 e5 2. Nf3 Nc6 3. Nc3 Nf6 4. Bc4 a6 5. d3 b5 6. Bd5 Bb7 7. Bg5 h6 8. Bxf6
Qxf6 9. Bxc6 Bxc6 10. O-O Bc5 11. a3 O-O 12. Nd5 Bxd5 13. exd5 d6 14. c3 Rae8
15. b4 Bb6 16. a4 g5 17. a5 Ba7 18. d4 e4 19. Nd2 Qf4 20. g3 Qf5 21. Qh5 Kh7 22.
g4 Qf6 23. Rae1 Qf4 24. h4 Rg8 25. f3 Qxd2 26. Rxe4 Rxe4 27. fxe4 Qe3+ 28. Rf2
Qe1+ 29. Rf1 Qg3+ 30. Kh1 Qh3+ 31. Kg1 Qg3+ 32. Kh1 Qh3+ 33. Kg1 Qg3+ 34. Kh1
1/2-1/2

[Event "AUTO-INT-1109"]
[Site "http://www.queenalice.com/game.php?id=495582"]
[Date "2008.11.19"]
[Round "1"]
[White "joanpi"]
[Black "juliermern"]
[Result "1-0"]
[WhiteElo "1517"]
[BlackElo "1494"]

1. e4 e5 2. Nf3 Nc6 3. Bb5 Nf6 4. Bxc6 dxc6 5. Nc3 Bg4 6. h3 Bxf3 7. Qxf3 Bd6 8.
O-O h5 9. d3 Qe7 10. Bg5 O-O-O 11. a3 Kb8 12. b4 Qe6 13. Ne2 Be7 14. c4 h4 15.
Nc3 Rh5 16. Bxf6 g6 17. Bxe7 Qxe7 18. b5 cxb5 19. Nd5 Qe6 20. cxb5 Rg5 21. Kh2
f5 22. Rac1 Rc8 23. a4 c6 24. bxc6 bxc6 25. Rb1+ Ka8 26. Qe2 cxd5 27. a5 Rc3 28.
Qb2 Qd6 29. Qb7# 1-0

[Event "AUTO-INT-1109"]
[Site "http://www.queenalice.com/game.php?id=495593"]
[Date "2008.11.19"]
[Round "1"]
[White "RSRocha"]
[Black "joanpi"]
[Result "0-1"]
[WhiteElo "1450"]
[BlackElo "1546"]

1. e4 e5 2. Nf3 Nc6 3. Bc4 Qe7 4. c3 Nf6 5. d4 exd4 6. cxd4 Qxe4+ 7. Be3 d5 8.
Nc3 Bb4 9. Bb5 O-O 10. Bxc6 bxc6 11. O-O Bxc3 12. bxc3 Bg4 13. Re1 Bxf3 14. Qxf3
Qg6 15. Rab1 Rab8 16. Rxb8 Rxb8 17. Bf4 Rb1 18. Qe3 h6 19. Bxc7 Ng4 20. Qe2 Qc2
21. Qe8+ Kh7 22. Bg3 Qd2 23. Kf1 Qd3+ 24. Qe2 Qf5 25. h3 Nf6 26. Be5 Rxe1+ 27.
Qxe1 Qd3+ 28. Kg1 Ne4 0-1

[Event "AUTO-INT-1109"]
[Site "http://www.queenalice.com/game.php?id=495594"]
[Date "2008.11.19"]
[Round "1"]
[White "joanpi"]
[Black "RSRocha"]
[Result "1-0"]
[WhiteElo "1558"]
[BlackElo "1438"]

1. e4 c5 2. c4 Nc6 3. Nf3 g6 4. Nc3 Bg7 5. h3 d6 6. Nd5 Nf6 7. Nxf6+ Bxf6 8. a3
O-O 9. d3 Nd4 10. Be2 a6 11. Nxd4 Bxd4 12. O-O e6 13. Bh6 Re8 14. Qd2 d5 15.
Rac1 b5 16. b3 f5 17. Kh1 fxe4 18. Qf4 exd3 19. Bxd3 bxc4 20. bxc4 e5 21. Qg5 e4
22. Be2 Bf5 23. Qxd8 Rexd8 24. cxd5 Rd6 25. Bf4 Rb6 26. a4 Rb2 27. Bc4 Rb4 28.
d6+ 1-0

[Event "AUTO-INT-1109"]
[Site "http://www.queenalice.com/game.php?id=495599"]
[Date "2008.11.19"]
[Round "1"]
[White "VSRelva"]
[Black "joanpi"]
[Result "0-1"]
[WhiteElo "1446"]
[BlackElo "1547"]

1. e4 e5 2. Nf3 Nc6 3. Bc4 h6 4. d4 exd4 5. Nxd4 Nxd4 6. Qxd4 Qf6 7. Qxf6 Nxf6
8. f3 Bc5 9. Ke2 O-O 10. Bf4 d6 11. Nc3 a6 12. Nd5 Nxd5 13. Bxd5 c6 14. Bc4 b5
15. Bd3 d5 0-1

[Event "AUTO-INT-1109"]
[Site "http://www.queenalice.com/game.php?id=495600"]
[Date "2008.11.19"]
[Round "1"]
[White "joanpi"]
[Black "VSRelva"]
[Result "1-0"]
[WhiteElo "1534"]
[BlackElo "1459"]

1. d4 d5 2. Nc3 e6 3. a3 Nc6 4. Nf3 f6 5. e3 e5 6. Bb5 Bd7 7. Nxd5 Be6 8. Nb4
Bxb4+ 9. axb4 Qd5 10. Qd3 e4 11. Bxc6+ Qxc6 12. Qe2 exf3 13. gxf3 Bd5 14. e4 Bf7
15. d5 Qd6 16. Bd2 1-0

[Event "Challenge"]
[Site "http://www.queenalice.com/game.php?id=536736"]
[Date "2009.2.7"]
[Round "-"]
[White "Andreu"]
[Black "joanpi"]
[Result "1-0"]
[WhiteElo "1915"]
[BlackElo "1551"]

1. e4 e5 2. Nf3 Nc6 3. Bc4 a6 4. O-O h6 5. d4 d6 6. c3 Nf6 7. Re1 Bg4 8. h3 Bh5
9. d5 Na5 10. Be2 Be7 11. b4 Bxf3 12. gxf3 Nh5 13. f4 Nxf4 14. Bxf4 exf4 15.
bxa5 Bh4 16. Rf1 Qf6 17. Qa4+ b5 18. axb6+ Kd8 19. bxc7+ Kxc7 20. Qc6+ Kb8 21.
Qb6+ Kc8 22. Bxa6+ Rxa6 23. Qxa6+ Kd7 24. Qd3 g5 25. Nd2 Rb8 26. Nf3 g4 27. Nh2
gxh3 28. Qxh3+ Ke7 29. Rab1 Rg8+ 30. Ng4 1-0

[Event "AUTO-INT-1109"]
[Site "http://www.queenalice.com/game.php?id=561048"]
[Date "2009.3.24"]
[Round "2"]
[White "oscardias"]
[Black "joanpi"]
[Result "1-0"]
[WhiteElo "1728"]
[BlackElo "1535"]

1. e4 e5 2. d4 d5 3. dxe5 d4 4. Nf3 Nc6 5. Bg5 f6 6. exf6 gxf6 7. Bh4 Be7 8. Bd3
Bg4 9. h3 Bh5 10. c3 Qd6 11. Qa4 Bxf3 12. gxf3 dxc3 13. Nxc3 1-0

[Event "AUTO-INT-1109"]
[Site "http://www.queenalice.com/game.php?id=561049"]
[Date "2009.3.24"]
[Round "2"]
[White "joanpi"]
[Black "oscardias"]
[Result "0-1"]
[WhiteElo "1544"]
[BlackElo "1719"]

1. e4 e5 2. Nf3 Nc6 3. Bb5 a6 4. Bxc6 bxc6 5. Nxe5 Nf6 6. d3 Bd6 7. Nc4 Bc5 8.
O-O d5 9. exd5 cxd5 10. Qe2+ Be6 11. Bg5 dxc4 12. Bxf6 Qxf6 13. Qe4 O-O 0-1

[Event "AUTO-INT-1109"]
[Site "http://www.queenalice.com/game.php?id=561052"]
[Date "2009.3.24"]
[Round "2"]
[White "QuinhoFogo"]
[Black "joanpi"]
[Result "1-0"]
[WhiteElo "1541"]
[BlackElo "1511"]

1. e4 e5 2. Nf3 Nc6 3. Bc4 h6 4. d4 exd4 5. Nxd4 Qh4 6. Nxc6 Qxe4+ 7. Be3 Qxc6
8. Qe2 Qe4 9. Nc3 Bb4 10. Bd5 Bxc3+ 11. bxc3 Qxd5 12. Bd4+ Ne7 13. Bxg7 Rg8 14.
Bf6 1-0

[Event "AUTO-INT-1109"]
[Site "http://www.queenalice.com/game.php?id=561053"]
[Date "2009.3.24"]
[Round "2"]
[White "joanpi"]
[Black "QuinhoFogo"]
[Result "0-1"]
[WhiteElo "1527"]
[BlackElo "1525"]

1. e4 e5 2. Nf3 Nc6 3. Bb5 f6 4. a3 a6 5. Bxc6 dxc6 6. O-O Bg4 7. h3 Bxf3 8.
Qxf3 Bc5 9. b4 Bd4 10. Nc3 Qd6 11. Rb1 Bxc3 12. dxc3 O-O-O 13. Be3 g5 14. Ba7 b6
15. Qf5+ Rd7 16. Rbd1 Ne7 0-1

[Event "AUTO-INT-1109"]
[Site "http://www.queenalice.com/game.php?id=561055"]
[Date "2009.3.24"]
[Round "2"]
[White "joanpi"]
[Black "Kabelosvic"]
[Result "0-1"]
[WhiteElo "1549"]
[BlackElo "1786"]

1. e4 e5 2. Nf3 Nc6 3. Bb5 Nf6 4. Nc3 Bb4 5. Bxc6 dxc6 6. O-O Bxc3 7. bxc3 Nxe4
8. Nxe5 Qg5 9. Nf3 Qg6 10. Qe2 O-O 11. Nh4 Qh6 12. Qxe4 Be6 13. d4 Qh5 14. Rb1
Bd5 15. Qf4 Rfe8 16. Rb2 Re4 17. Qg5 Qe2 18. Nf5 Rg4 19. Ng3 Rxg5 20. Nxe2 Rxg2+
0-1